000 00536nam a2200181Ia 4500
003 GCL
008 140319s9999 xx 000 0 ara d
040 _aGCL /
_cGCL
082 0 4 _a811.9
_bم د
100 1 _aمحمود درويش
245 1 0 _aديوان محمود درويش /
_cمحمود درويش
260 _a[S.N] :
_bدار العودة للصحافة والطباعه ،
_c1987
300 _a667 ص
490 _a
650 0 4 _aالشعر العربى
650 0 4 _aالقصائد والدواوين
942 _2ddc
_cBK
999 _c52469
_d52469